<?xml version="1.0" encoding="UTF-8"?>
<record
    xmlns:xsi="http://www.w3.org/2001/XMLSchema-instance"
    xsi:schemaLocation="http://www.loc.gov/MARC21/slim http://www.loc.gov/standards/marcxml/schema/MARC21slim.xsd"
    xmlns="http://www.loc.gov/MARC21/slim">

  <leader>02309njm a2200445Ia 4500</leader>
  <controlfield tag="001">24661</controlfield>
  <controlfield tag="003">IT-RoPAU</controlfield>
  <controlfield tag="005">20220918181112.0</controlfield>
  <controlfield tag="008">131025s9999    xx            000 0 und d</controlfield>
  <datafield tag="040" ind1=" " ind2=" ">
    <subfield code="a">IT-RoPAU</subfield>
  </datafield>
  <datafield tag="040" ind1=" " ind2=" ">
    <subfield code="c">IT-RoPAU</subfield>
  </datafield>
  <datafield tag="999" ind1=" " ind2=" ">
    <subfield code="c">99051</subfield>
    <subfield code="d">99051</subfield>
  </datafield>
  <datafield tag="999" ind1=" " ind2=" ">
    <subfield code="b">n.d.</subfield>
  </datafield>
  <datafield tag="100" ind1=" " ind2=" ">
    <subfield code="a">AA.VV.</subfield>
    <subfield code="9">794</subfield>
  </datafield>
  <datafield tag="100" ind1=" " ind2=" ">
    <subfield code="e">Autore musica</subfield>
    <subfield code="9">11430</subfield>
  </datafield>
  <datafield tag="100" ind1=" " ind2=" ">
    <subfield code="g">Codice autore musica SPICS: 12000</subfield>
    <subfield code="9">796</subfield>
  </datafield>
  <datafield tag="245" ind1=" " ind2=" ">
    <subfield code="a">Copacabana-Happy Dancing</subfield>
  </datafield>
  <datafield tag="250" ind1=" " ind2=" ">
    <subfield code="a">1a ed.</subfield>
  </datafield>
  <datafield tag="260" ind1=" " ind2=" ">
    <subfield code="a">ITALIA</subfield>
  </datafield>
  <datafield tag="260" ind1=" " ind2=" ">
    <subfield code="b">POLYDOR</subfield>
    <subfield code="c">1979 [1a Ed.:1979]</subfield>
  </datafield>
  <datafield tag="300" ind1=" " ind2=" ">
    <subfield code="a">DISCO</subfield>
  </datafield>
  <datafield tag="300" ind1=" " ind2=" ">
    <subfield code="c">37 minuti (Testo:  pag.)</subfield>
  </datafield>
  <datafield tag="500" ind1=" " ind2=" ">
    <subfield code="a">Musica strumentale. Arrangiamento. Ballo</subfield>
  </datafield>
  <datafield tag="505" ind1=" " ind2=" ">
    <subfield code="a">Siesta - Chili Concane - A Gay Ranchero (2:00) - El rancho grande (2:00) - Zip A Dee Doo Dah (4:00) - Feels So Good (3:00) - Caminito (3:009 - Perhaps? Perhaps? Perhaps? (3:00) - El choclo (3:00) - Avalon (4:00) - La sorella (3:00) - Copacabana (4:00) </subfield>
  </datafield>
  <datafield tag="650" ind1=" " ind2=" ">
    <subfield code="a">ARRANGIAMENTO [DISCHI]</subfield>
    <subfield code="e">Codice MATERIA SPICS: 9950</subfield>
    <subfield code="9">11431</subfield>
  </datafield>
  <datafield tag="700" ind1=" " ind2=" ">
    <subfield code="a">Last James</subfield>
    <subfield code="e">Interprete</subfield>
    <subfield code="g">Codice interprete SPICS: 10976</subfield>
    <subfield code="9">11432</subfield>
  </datafield>
  <datafield tag="700" ind1=" " ind2=" ">
    <subfield code="a">Last James</subfield>
    <subfield code="g">Codice autore SPICS: 10976</subfield>
    <subfield code="e">Autore</subfield>
    <subfield code="9">9404</subfield>
  </datafield>
  <datafield tag="700" ind1=" " ind2=" ">
    <subfield code="a">Espinosa J.J.</subfield>
    <subfield code="g">Codice autore musica SPICS: 15727</subfield>
    <subfield code="e">Autore musica</subfield>
    <subfield code="p">A Gay Ranchero</subfield>
    <subfield code="9">11433</subfield>
  </datafield>
  <datafield tag="700" ind1=" " ind2=" ">
    <subfield code="a">Ramos Silvano R.</subfield>
    <subfield code="g">Codice autore musica SPICS: 15728</subfield>
    <subfield code="e">Autore musica</subfield>
    <subfield code="p">El rancho grande</subfield>
    <subfield code="9">11434</subfield>
  </datafield>
  <datafield tag="700" ind1=" " ind2=" ">
    <subfield code="a">Wrubel Allie</subfield>
    <subfield code="g">Codice autore musica SPICS: 15729</subfield>
    <subfield code="e">Autore musica</subfield>
    <subfield code="p">Zip A Dee Doo Dah</subfield>
    <subfield code="9">11435</subfield>
  </datafield>
  <datafield tag="700" ind1=" " ind2=" ">
    <subfield code="a">Mangione Chuck</subfield>
    <subfield code="g">Codice autore musica SPICS: 15730</subfield>
    <subfield code="e">Autore musica</subfield>
    <subfield code="p">Feels So Good</subfield>
    <subfield code="9">11436</subfield>
  </datafield>
  <datafield tag="700" ind1=" " ind2=" ">
    <subfield code="a">Filiberto Juan Dios</subfield>
    <subfield code="g">Codice autore musica SPICS: 15731</subfield>
    <subfield code="e">Autore musica</subfield>
    <subfield code="p">Caminito</subfield>
    <subfield code="9">11437</subfield>
  </datafield>
  <datafield tag="700" ind1=" " ind2=" ">
    <subfield code="a">Farres Osvaldo</subfield>
    <subfield code="g">Codice autore musica SPICS: 14369</subfield>
    <subfield code="e">Autore musica</subfield>
    <subfield code="p">Perhaps? Perhaps? Perhaps?</subfield>
    <subfield code="9">11438</subfield>
  </datafield>
  <datafield tag="700" ind1=" " ind2=" ">
    <subfield code="a">Villoldo A.G.</subfield>
    <subfield code="g">Codice autore musica SPICS: 15732</subfield>
    <subfield code="e">Autore musica</subfield>
    <subfield code="p">El choclo</subfield>
    <subfield code="9">11439</subfield>
  </datafield>
  <datafield tag="700" ind1=" " ind2=" ">
    <subfield code="a">Jolson Al</subfield>
    <subfield code="g">Codice autore musica SPICS: 15734</subfield>
    <subfield code="e">Autore musica</subfield>
    <subfield code="p">Avalon</subfield>
    <subfield code="9">11440</subfield>
  </datafield>
  <datafield tag="700" ind1=" " ind2=" ">
    <subfield code="a">Rose Vincent</subfield>
    <subfield code="g">Codice autore SPICS: 15733</subfield>
    <subfield code="e">Autore</subfield>
    <subfield code="p">Avalon</subfield>
    <subfield code="9">11441</subfield>
  </datafield>
  <datafield tag="700" ind1=" " ind2=" ">
    <subfield code="a">Borel C.</subfield>
    <subfield code="g">Codice autore musica SPICS: 15735</subfield>
    <subfield code="e">Autore musica</subfield>
    <subfield code="p">La sorella</subfield>
    <subfield code="9">11442</subfield>
  </datafield>
  <datafield tag="700" ind1=" " ind2=" ">
    <subfield code="a">Clerc</subfield>
    <subfield code="g">Codice autore SPICS: 15736</subfield>
    <subfield code="e">Autore</subfield>
    <subfield code="p">La sorella</subfield>
    <subfield code="9">11443</subfield>
  </datafield>
  <datafield tag="700" ind1=" " ind2=" ">
    <subfield code="a">Manilow Barry</subfield>
    <subfield code="g">Codice autore musica SPICS: 15737</subfield>
    <subfield code="e">Autore musica</subfield>
    <subfield code="p">Copacabana</subfield>
    <subfield code="9">11444</subfield>
  </datafield>
  <datafield tag="942" ind1=" " ind2=" ">
    <subfield code="c">MD</subfield>
    <subfield code="2">ddc</subfield>
  </datafield>
  <datafield tag="952" ind1=" " ind2=" ">
    <subfield code="0">0</subfield>
    <subfield code="1">0</subfield>
    <subfield code="4">0</subfield>
    <subfield code="6">24661_000000000000000</subfield>
    <subfield code="7">1</subfield>
    <subfield code="a">SPICS</subfield>
    <subfield code="b">SPICS</subfield>
    <subfield code="d">2013-10-25</subfield>
    <subfield code="l">0</subfield>
    <subfield code="o">24661</subfield>
    <subfield code="r">2013-10-25 00:00:00</subfield>
    <subfield code="w">2013-10-25</subfield>
    <subfield code="y">MD</subfield>
    <subfield code="z">Progr. Ins.: 5356 / N.Vol.: 1 / Copie: 1 - Copia rara: n.d. / date import: 01.01.2014 - By Epidotti, Trombetti, Vaglietti</subfield>
  </datafield>
</record>
